[Event "V Copa Marcel Duchamp 2022"]
[Site "Montevideo"]
[Date "2022.02.18"]
[Round "8.16"]
[White "Curi, Gabriel"]
[Black "Meza, Anahi"]
[Result "1/2-1/2"]
[WhiteElo "2205"]
[BlackElo "1996"]
[Annotator "RC"]
[PlyCount "68"]
[EventDate "2022.02.12"]
[EventCountry "URU"]
[SourceTitle "playchess.com"]
[Source "ChessBase"]
[SourceQuality "1"]
[TimeControl "5400+30"]

1. d4 {[%emt 0:00:23]} Nf6 {[%emt 0:00:06]} 2. c4 {[%emt 0:00:06]} g6 {[%emt 0:00:06]} 3. f3 {[%emt 0:00:36]} Bg7 {[%emt 0:00:18]} 4. e4 {[%emt 0:00:07]} d6 {[%emt 0:00:05]} 5. Nc3 {[%emt 0:00:04]} O-O {[%emt 0:00:07]} 6. Be3 {[%emt 0:00:05]} c5 {[%emt 0:00:35]} 7. Nge2 {[%emt 0:01:16]} Nc6 {[%emt 0:00:24]} 8. Qd2 {[%emt 0:05:10]} cxd4 {[%emt 0:08:06]} 9. Nxd4 {[%emt 0:00:08]} Nxd4 {[%emt 0:00:33]} 10. Bxd4 {[%emt 0:00:07]} Bd7 {[%emt 0:00:39]} 11. Be2 {[%emt 0:00:07]} Bc6 {[%emt 0:00:08]} 12. O-O {[%emt 0:00:09]} Nd7 {[%emt 0:00:16]} 13. Bf2 {[%emt 0:00:18]} a5 {[%emt 0:00:59]} 14. b3 {[%emt 0:00:29]} Nc5 {[%emt 0:01:13]} 15. Rab1 {[%emt 0:00:07]} Be5 {[%emt 0:03:14]} 16. Rfc1 {[%emt 0:02:35]} e6 {[%emt 0:02:48]} 17. Bd1 {[%emt 0:02:23]} g5 {[%emt 0:09:00]} 18. Be3 {[%emt 0:19:32]} g4 {[%emt 0:09:01]} 19. Bg5 {[%emt 0:05:48]} f6 {[%emt 0:03:53]} 20. Bh6 {[%emt 0:02:47]} Rf7 {[%emt 0:01:14]} 21. a3 {[%emt 0:26:23]} gxf3 {[%emt 0:05:40]} 22. gxf3 {[%emt 0:00:08]} f5 {[%emt 0:06:25]} 23. b4 {[%emt 0:01:52]} axb4 {[%emt 0:01:18]} 24. axb4 {[%emt 0:00:06]} Na4 {[%emt 0:02:24]} 25. Nxa4 {[%emt 0:03:06]} Bxa4 {[%emt 0:00:02]} 26. Bxa4 {[%emt 0:00:07]} Rxa4 {[%emt 0:00:03]} 27. Kh1 {[%emt 0:09:30]} fxe4 {[%emt 0:07:37]} 28. Rg1+ {[%emt 0:06:20]} Kh8 {[%emt 0:00:02]} 29. fxe4 {[%emt 0:00:25]} Qh4 {[%emt 0:03:33]} 30. Qg2 {[%emt 0:00:34]} Ra8 {[%emt 0:00:18]} 31. Rbf1 {[%emt 0:02:12]} Qe7 {[%emt 0:11:05]} 32. Bg5 {[%emt 0:00:17]} Qc7 {[%emt 0:00:52]} 33. Rxf7 {[%emt 0:08:22]} Qxf7 {[%emt 0:00:02]} 34. Bh6 {[%emt 0:01:09]} Bd4 {[%emt 0:07:22]} 1/2-1/2

[Event "V Copa Marcel Duchamp 2022"]
[Site "Montevideo"]
[Date "2022.02.18"]
[Round "8.17"]
[White "Garcia, Luis E."]
[Black "Muniz, Rafael"]
[Result "1/2-1/2"]
[WhiteElo "2192"]
[BlackElo "2194"]
[Annotator "TA"]
[PlyCount "125"]
[EventDate "2022.02.12"]
[EventCountry "URU"]
[SourceTitle "playchess.com"]
[Source "ChessBase"]
[SourceQuality "1"]

{[%evp 10,125,35,16,25,18,49,29,34,-43,-27,-34,-21,-34,0,0,0,0,0,0,-8,-33,12,10,5,-7,12,0,0,0,0,-6,0,-17,0,0,10,18,58,58,64,75,81,50,338,287,322,93,96,104,93,41,47,-16,-3,-12,0,0,0,0,0,-186,-179,-181,-85,-85,-89,-89,0,0,17,0,0,0,0,-129,-131,-111,-111,-111,-111,-476,-473,-481,-468,-441,-8,-8,-8,-698,-682,-1196,-647,-476,0,0,0,0,0,0,0,-12834,-10407,-12794,-12239,-2687,0,-6579,-6357,-5708,-5616,-1608,0,0,0,0,0,0]} 1. c4 e5 2. Nc3 Nc6 3. g3 d6 4. Bg2 Be6 5. d3 Qd7 6. e4 h5 {A25: English Opening vs King's Indian with ...Nc6 but without early d3.} 7. h4 {[#]} Nge7 $146 ({Predecessor:} 7... g6 8. Nge2 Bg7 9. Rb1 Nd4 10. Nxd4 exd4 11. Nd5 c6 12. Nf4 Nh6 13. Nxe6 fxe6 14. Bh3 {1-0 (32) Marin,I (2261)-Anusca,M (1973) Napoca 2008}) 8. Nd5 Nd4 {White has an edge.} 9. f4 (9. Be3 $1 $14) 9... Bg4 $15 10. Nf3 Nxd5 (10... exf4 {keeps more tension.} 11. Bxf4 c6 12. Nxe7 Bxe7 13. O-O O-O) 11. cxd5 Be7 12. Be3 $1 Nxf3+ 13. Bxf3 exf4 14. Bxf4 Bf6 15. Rh2 Bd4 (15... c6 $15 {feels stronger.}) 16. Bxg4 $11 hxg4 17. Qd2 Rh5 18. O-O-O c6 19. Qb4 {[%csl LRd4,LRd6]} c5 20. Qd2 a5 21. Re2 Ra6 22. Qe1 Qe7 23. Bd2 a4 24. Bc3 Qe5 25. Bxd4 Qxd4 26. Qc3 Qe5 $2 {[%mdl 8192]} (26... Qxc3+ $14 27. bxc3 Rb6) 27. d4 $18 Qf6 28. dxc5 $2 (28. e5 $1 $18 {[%cal Re5f6] is the precise move to win.} dxe5 29. dxe5 (29. Qxc5 Rd6 $16)) 28... Qxc3+ $16 29. bxc3 dxc5 $18 {[%mdl 4096] Endgame KRR-KRR} 30. e5 (30. Rf1 $16) 30... Rf5 $14 31. Re3 (31. Re4 $14) 31... Rb6 32. Rde1 a3 33. c4 Rb4 34. Rxa3 Rxc4+ 35. Kd2 $2 (35. Kb2 $11 {and White has nothing to worry.}) 35... Rf2+ $19 36. Re2 Rxe2+ (36... Rd4+ $1 $19 37. Rd3 Rxd3+ 38. Kxd3 Rxe2 39. Kxe2 b5) 37. Kxe2 {KR-KR} Re4+ 38. Re3 Ra4 (38... Rxe3+ $1 $17 39. Kxe3 Ke7) 39. a3 c4 40. Re4 b5 41. Re3 Ke7 42. Rc3 (42. Kd2 $11) 42... f6 $1 $17 43. exf6+ Kxf6 {White must now prevent ...Ke5.} 44. Re3 Ra6 45. Re4 $2 {[%mdl 8192]} (45. Kd2 $17 {is a better chance.}) 45... Rxa3 $19 46. Rxg4 Rd3 47. Rg5 {[%cal Od5d6] [#]} b4 $2 (47... Rd4 $1 $19 48. d6 b4) 48. Rg4 $11 Rc3 49. Kd2 $2 {[%mdl 8192]} (49. Rd4 $11) 49... Ke5 50. Rxg7 Kxd5 {aiming for ...Rd3+.} 51. h5 {[%cal Bh4h5,Bh5h6][%mdl 32] [#]} Ra3 $2 ({Better is} 51... Rd3+ $1 $19 52. Kc1 Ra3) 52. h6 $1 Ra2+ 53. Ke3 Rh2 {And now ...c3 would win.} 54. Rg5+ Kd6 {Threatens to win with ...c3.} 55. Kd4 {[%mdl 8192]} (55. Rg4 $11 c3 56. Rxb4) 55... c3 $19 56. Rd5+ Kc6 57. Rc5+ Kd6 (57... Kb6 $142 58. Rc8 Rxh6 59. Rb8+ Ka5) 58. Rd5+ $1 Ke6 59. Re5+ Kf6 60. Re1 Rd2+ $2 ({Black should try} 60... Kg6 $19 {Strongly threatening ...Rd2+.} 61. Ke3 Kxh6) 61. Kc4 $11 {The position is equal.} c2 {( -> ...Rd1)} 62. Rc1 Kg6 63. Kxb4 {Both players deserved the win here.  Weighted Error Value: White=0.71/Black=0.54} 1/2-1/2

[Event "V Copa Marcel Duchamp 2022"]
[Site "Montevideo"]
[Date "2022.02.18"]
[Round "8.18"]
[White "Araque, Jairo"]
[Black "Granara Barreto, Sebastian"]
[Result "0-1"]
[WhiteElo "1970"]
[BlackElo "2131"]
[Annotator "TA"]
[PlyCount "84"]
[EventDate "2022.02.12"]
[EventCountry "URU"]
[SourceTitle "playchess.com"]
[Source "ChessBase"]
[SourceQuality "1"]

{[%evp 13,84,9,27,37,60,55,36,45,66,67,83,47,41,6,8,10,4,-4,-6,-7,11,0,0,0,10,0,6,-21,0,-108,-73,-138,0,0,0,0,0,-12,0,0,0,-20,-20,-31,-33,-31,-47,-52,-33,-47,0,0,35,6,71,0,0,-406,-106,-87,-99,-1018,-1013,-920,-927,-1027,-1022,-986,-906,-12836,-12835,-12840,-1358]} 1. d4 Nf6 2. Bf4 e6 3. e3 c5 4. c3 d5 5. Nd2 Nc6 6. Ngf3 Be7 7. Bd3 Qb6 8. Rb1 {D02: 1 d4 d5 2 Nf3 sidelines, including 2...Nf6 3 g3 and 2...Nf6 3 Bf4.} Bd7 9. h3 Rc8 10. O-O {White is slightly better.} cxd4 11. exd4 (11. Nxd4 Nxd4 12. exd4 Bb5 $11) 11... Na5 12. Qe2 a6 {[#]} 13. Rfe1 $146 ({Predecessor:} 13. Rfc1 Bb5 14. c4 dxc4 15. Nxc4 Nxc4 16. Bxc4 Bxc4 17. Rxc4 Rxc4 18. Qxc4 O-O 19. a3 {0-1 (32) Nevado Munoz,R (1467)-Barragan Panal,J (1679) Madrid 2020}) 13... Bb5 $1 14. Bxb5+ Qxb5 15. Qxb5+ axb5 16. a3 O-O 17. Ne5 h6 18. f3 Rfd8 19. g4 Nc4 20. Nexc4 dxc4 21. Re2 (21. Bg3 $11) 21... Nd5 $17 22. Bg3 {[#]} (22. Be3 $142) 22... Ra8 (22... Bxa3 $1 $17 {[%mdl 512] Strongly threatening ...Bf8.} 23. Ne4 (23. bxa3 Nxc3 24. Re3 Nxb1 $17) 23... Bf8) 23. Ne4 $11 Ra6 24. Rbe1 g5 25. Kh2 f6 26. h4 Kf7 27. Kg1 {[%cal Bh2g1,Bg1f1,Bf1e2][%mdl 32]} gxh4 28. Bxh4 Rg8 29. Kf1 f5 30. Bxe7 {Nc5 is the strong threat.} fxe4 31. Bh4 e3 (31... exf3 $15 32. Rf2 Rxg4 33. Rxf3+ Rf4) 32. Rh2 Rg6 {[%cal Ob5b4]} 33. Bg3 Rf6 (33... b4 $1 $11 {remains equal.}) 34. Ke2 ({White should try} 34. Be5 $16 Rxf3+ 35. Ke2 Rf2+ 36. Rxf2+ exf2 37. Kxf2) 34... b4 $1 35. Be5 $2 {[%mdl 8192]} (35. axb4 Ra2 36. f4 Rxb2+ 37. Kf3 Rb3 $17) (35. cxb4 $11 c3 36. b5) 35... bxa3 $2 {The board is on fire.} (35... bxc3 $19 {is more deadly.} 36. g5 (36. Bxf6 $2 cxb2 37. Be5 Rxa3 $19) 36... hxg5 37. Rh7+ (37. Bxf6 $2 Kxf6 38. bxc3 Rxa3 $19) 37... Kg6 38. Rxb7 cxb2 39. Bxf6 Nf4+ 40. Kf1 e2+ 41. Rxe2 c3 42. Rexb2 (42. Rc2 $2 Nd5 $19) 42... cxb2) 36. Bxf6 $17 axb2 {Hoping for ...Ra1.} 37. Be5 $2 {[%mdl 8192] This costs White the game.} (37. Rxh6 $2 Ra1 38. Reh1 Rxh1 39. Rxh1 Kxf6 $19) (37. Kf1 $17 Nxc3 {[#]} 38. Rxb2 $1 Kxf6 39. Rc2 (39. Rxe3 Nd1 $17) (39. Rxb7 Nd5 $15)) 37... Ra2 $19 {Black is clearly winning.} ({Don't blunder} 37... Ra1 $2 38. Rhh1 Ra3 39. Kf1 $19 (39. Rxh6 $2 Nxc3+ 40. Kxe3 Nd1+ 41. Kf4 b1=Q $19) (39. Bd6 $2 Rb3 $19)) 38. Kf1 Nxc3 {And now ...e2+ would win.} 39. Rxb2 Rxb2 40. Rxe3 Nd5 41. Re2 c3 42. Bd6 b5 {Weighted Error Value: White=0.75/Black=0.27 (precise)} (42... c2 $142 43. Rxc2 Rxc2) 0-1

[Event "V Copa Marcel Duchamp 2022"]
[Site "Montevideo"]
[Date "2022.02.18"]
[Round "8.19"]
[White "Manteiga, Franco"]
[Black "Miranda, Rafael"]
[Result "0-1"]
[WhiteElo "1915"]
[BlackElo "2264"]
[Annotator "TA"]
[PlyCount "126"]
[EventDate "2022.02.12"]
[EventCountry "URU"]
[SourceTitle "playchess.com"]
[Source "ChessBase"]
[SourceQuality "1"]

{[%evp 14,126,8,10,15,15,9,4,0,0,0,0,0,-10,-9,0,6,-13,0,-37,-25,-67,-15,-40,-44,-33,-39,-53,-64,-66,-66,-69,0,0,0,0,0,0,0,0,0,0,0,0,0,0,0,0,0,0,36,0,0,0,0,0,5,0,5,0,0,0,0,0,7,0,0,0,0,0,0,0,0,-260,-270,-719,-695,-621,-572,-647,-627,-619,-556,-495,-449,-457,-452,-660,-626,-632,-499,-12839,-12839,-12840,-12839,-12840,-12840,-12845,-12846,-12846,-12847,-12847,-12847,-12849,-12849,-12850,-12849,-12850,-12849,-12850,-12850,-12850,-27998,-27999,-27999]} 1. d4 Nf6 2. c4 g6 3. Nc3 d5 4. cxd5 Nxd5 5. Bd2 Bg7 6. e4 Nxc3 7. Bxc3 O-O 8. Qd2 Nd7 {D85: Exchange Grünfeld: Unusual White 7th moves and lines with 7 Nf3.} 9. Nf3 {Inhibits e5.} b6 {[#]} 10. d5 $146 ({Predecessor:} 10. Bd3 Bb7 11. b4 a5 12. bxa5 c5 13. d5 Bxc3 14. Qxc3 Rxa5 15. a4 Ba6 16. Bxa6 Rxa6 {½-½ (86) Bluebaum,M (2669)-Erdos,V (2614) Krasnaya Polyana 2021}) 10... Nf6 {The position is equal.} 11. Bd3 e6 12. dxe6 Bxe6 13. Nd4 Bd7 14. O-O c5 15. Ne2 Bc6 16. Ng3 b5 17. Qg5 Nd7 ({Don't take} 17... Qxd3 18. Bxf6 h6 19. Qf4 $11) (17... b4 $15 18. Bxf6 Bxf6 19. Qxc5 Qxd3 20. Qxc6 Bxb2) 18. Qxd8 Rfxd8 19. Bxg7 Kxg7 20. Rfd1 c4 21. Be2 Nc5 22. f3 Na4 {Black is more active.} ({Better is} 22... a5 $15) 23. b3 $1 $11 Nc3 24. Rdc1 Nxe2+ 25. Nxe2 Rd2 26. Nf4 g5 27. Nh5+ Kg6 28. Ng3 Bd7 29. bxc4 bxc4 30. Rxc4 Rb8 31. Nf1 $1 Rd3 32. Rac1 Ra3 33. R4c2 Be6 34. Kf2 Rb5 35. Ne3 a5 36. Nc4 Ra4 37. Nd6 Rb6 38. Nc8 Rb7 39. Nd6 Rbb4 40. Ne8 Rxa2 41. Rxa2 Bxa2 {[%mdl 4096] Endgame KRB-KRN} 42. Rc6+ Be6 43. Nc7 $2 {[%mdl 8192] Black continues to play with concentration.} (43. Ra6 $11) 43... Rc4 $19 44. Rxc4 (44. Nd5 Rxc6 45. Ne7+ Kf6 46. Nxc6) 44... Bxc4 {KB-KN} 45. Ke3 a4 {[%cal Ba5a4,Ba4a3,Ba3a2][%mdl 32] Threatens to win with ...a3.} 46. Kd4 {[#]} a3 $1 {Strongly threatening ...a2.} 47. Kc3 {[#]} a2 $1 48. Kb2 {[#]} Kf6 $1 49. Ne8+ Ke5 50. Ng7 (50. g3 $142 Be2 51. f4+ gxf4 52. gxf4+ Kxf4 53. Nd6) 50... Bf1 51. g3 Bg2 52. f4+ (52. Kxa2 $142 Bxf3 53. Ne8) 52... gxf4 53. gxf4+ Kxf4 54. Nh5+ Ke5 55. Kxa2 Bxe4 56. Kb2 Bg6 57. Ng3 Kf4 58. Kc3 Kf3 59. Kd4 h5 {[%cal Bh7h5,Bh5h4][%mdl 32]} 60. Ke5 h4 61. Nf1 Ke2 62. Ng3+ hxg3 63. hxg3 Kf3 {Weighted Error Value: White=0.39/Black=0.06 (flawless)} 0-1

[Event "V Copa Marcel Duchamp 2022"]
[Site "Montevideo"]
[Date "2022.02.18"]
[Round "8.20"]
[White "Elena, Eduardo"]
[Black "Sanhueza, Cristian"]
[Result "0-1"]
[WhiteElo "1712"]
[BlackElo "2242"]
[Annotator "TA"]
[PlyCount "130"]
[EventDate "2022.02.12"]
[EventCountry "URU"]
[SourceTitle "playchess.com"]
[Source "ChessBase"]
[SourceQuality "1"]

{[%evp 21,130,-91,-93,-89,-92,-102,-75,-75,-97,-85,-31,-108,0,-85,0,-107,-47,-135,-83,-85,-15,-12,0,-83,-83,-99,-97,-89,-94,-106,-25,-18,-19,-31,-15,-145,-128,-130,-143,-630,-622,-824,-754,-748,-749,-717,-716,-704,-600,-550,-356,-362,-327,-350,-291,-294,-293,-293,-283,-293,-270,-1077,0,-293,-290,-281,-146,-129,0,-285,-285,-403,-408,-388,-370,-151,0,-325,-125,-163,-165,-353,-346,-353,-317,-6179,-6170,-2541,0,-876,0,-353,-351,-316,-316,-268,-77,-460,-475,-440,0,-91,-100,-112,-119,-248,-267,-461,-438,-29996,-617]} 1. e4 c5 2. Nf3 g6 3. d4 cxd4 4. Nxd4 Bg7 5. Nc3 Nc6 6. Be3 Nf6 7. f3 O-O 8. Qd2 d5 9. Nxc6 bxc6 10. e5 Nd7 11. f4 e6 12. Be2 {B34: Sicilian: Accelerated Dragon with 5 Nc3: sidelines.} f6 13. exf6 Qxf6 {Hoping for ...d4.} 14. Rd1 {Black is better.} Rb8 15. Na4 Nb6 {[#]} (15... Qh4+ $1 $17 16. g3 Qe7) 16. Nc3 $146 (16. Nxb6 $15 axb6 17. c3) ({Predecessor:} 16. Nxb6 axb6 17. c3 c5 18. O-O Bb7 19. Bg4 Rbe8 20. Bf3 Rf7 21. Qc2 Qe7 22. Rfe1 Qd6 23. Qb3 Ref8 24. Rd2 {0-1 (80) Mazi,L (2360)-Supancic,D (2390) Pula 1986}) 16... Nd7 17. Na4 Nb6 18. Nc3 Qh4+ (18... Qe7 $1 $17 {White must now prevent ...e5.} 19. O-O c5) 19. g3 (19. Bf2 $1 $15 Qe7 20. O-O) 19... Qh3 ({Better is} 19... Qe7 {Threatens to win with ...c5.} 20. O-O c5) 20. Bf1 $17 Qg4 (20... Qf5 $17 21. Bd3 Qh3) 21. Be2 $1 $11 Qh3 (21... Qf5 $11) 22. Bf1 $17 Qf5 23. Bd3 Qf6 24. O-O Qe7 $1 {Inhibits Bc5.} 25. Qf2 Nd7 {To avoid Bc5} (25... Rf7 $17 {aiming for ...e5.} 26. Rfe1 (26. Bc5 Qc7 $15) 26... e5) 26. Na4 $1 $11 e5 {...Rb4 is the strong threat.} 27. c3 {Inhibits Rb4.} exf4 28. Bxa7 (28. gxf4 $11 {remains equal.} Qe6 29. Qg3 (29. f5 gxf5 30. Nc5 Qg6+ 31. Kh1 Nf6 $11)) 28... fxg3 $17 29. Qxg3 Ra8 30. Qc7 $2 {[%mdl 8192]} (30. Rde1 $17 Rxf1+ 31. Bxf1) 30... Qg5+ $19 31. Kh1 Ne5 32. Rxf8+ Bxf8 33. Rg1 Qh5 34. Bf1 Bg4 35. Bd4 Nf3 (35... Rxa4 36. Qxe5 Qxe5 37. Bxe5 $17) 36. Rxg4 Qxg4 {Dancing on a razor blade.} 37. Qxc6 Rd8 38. Qf6 {[#]} Nxd4 $1 39. Qxd8 Qe4+ (39... Qf3+ $2 40. Kg1 Qe3+ 41. Kh1 Qe4+ 42. Kg1 $19) 40. Kg1 Qe3+ (40... Nf3+ 41. Kf2 Ne5 42. Be2 $17) 41. Kg2 $2 (41. Kh1 Qf3+ 42. Kg1) 41... Qe4+ $2 (41... Qd2+ 42. Kg3 Nf5+ 43. Kf3 g5) 42. Kg1 Ne6 (42... Nf3+ 43. Kf2 Ne5 44. Be2 $17) 43. Qe8 Qe3+ $40 {[%mdl 128] White is in trouble.} (43... Kg7 $1 $19 {And now ...Qe3+ would win.} 44. Kf2 Kf6) 44. Kh1 $17 Qe4+ $2 (44... Qf3+ $17 45. Kg1 Qe3+ 46. Kh1 Qe4+ 47. Kg1 Kg7) 45. Kg1 $19 Kg7 $1 46. Kf2 {To avoid Qe3+} (46. Qb5 $142 Nf4 47. Qb6 Qxa4 48. Qd4+ Qxd4+ 49. cxd4) 46... Qf4+ 47. Ke1 Qc1+ 48. Kf2 Qf4+ $2 (48... Qd2+ $17 49. Be2 (49. Kg1 Qe3+ 50. Kh1 Qf2 $19) 49... Kf6) 49. Ke1 $1 Ng5 $2 (49... Kf6 $1 $19 {has better winning chances. Strongly threatening ...Bh6.} 50. Be2 Bh6 51. Qh8+ Kf5 52. Bd3+ Kg5) 50. Qd7+ Kh6 {[%mdl 1024] Black has strong compensation.} 51. Be2 $2 (51. Qxd5 {is a better defense.} Qxa4 52. Qc4 Qe8+ 53. Kd1) 51... Qc1+ ({Not} 51... Qxh2 52. Qa7 $17) 52. Kf2 Ne4+ 53. Kf3 $2 (53. Kg2 Qf4 54. Qh3+ Kg7 55. Qf3 Qg5+ 56. Qg4) 53... Qh1+ 54. Ke3 Qc1+ (54... Bc5+ $142 55. Nxc5 Qg1+ 56. Kd3 Nxc5+ 57. Kc2 Nxd7) 55. Kf3 Ng5+ (55... Qg1 $142 56. Qh3+ Kg7 57. Qd7+ Kh8 58. Qxd5 Ng5+ 59. Kf4 Bd6+ $1 {[%mdl 512]} 60. Qxd6 Qxh2+ 61. Kxg5 Qxd6) 56. Kf2 {[#]} Bd6 $1 {[%mdl 512]} 57. Qg4 Ne4+ 58. Kg2 Qd2 $2 (58... Qe1 $1 $19 {[%cal Re1f2] ( -> ...Qf2+)} 59. Qf3 Kg7) 59. Qh3+ $2 {[%mdl 8192]} (59. c4 $17 {is tougher.}) 59... Kg7 60. Qd7+ Kh6 $2 (60... Kf8 $19 61. Qd8+ Kg7 62. Qd7+ Kf6 63. Qd8+ Be7 64. Qb6+ Kg5) 61. Qh3+ $17 {[#]} Kg5 $1 {Black is more active.} ({Wrong is} 61... Kg7 $2 62. Qd3 Qf4 63. Qd4+ Be5 64. Qa7+ Kf8 65. Qg1 $19) 62. Qg4+ {[#]} Kf6 $1 63. Qf3+ (63. b4 $17 {was called for.}) 63... Kg7 $19 64. Qd3 $2 (64. c4 Qh6 65. Qh3 Qg5+ 66. Qg4) 64... Qf4 ({Avoid the trap} 64... Qg5+ $2 65. Kf1 $19) 65. Qf3 (65. Qd4+ $19 Be5 66. Qa7+ Kf8 67. Qg1) 65... Qxh2+ {Weighted Error Value: White=0.73/Black=0.66} 0-1

[Event "V Copa Marcel Duchamp 2022"]
[Site "Montevideo"]
[Date "2022.02.18"]
[Round "8.21"]
[White "Guerrero, Alvaro"]
[Black "Nejanky, Maisa"]
[Result "0-1"]
[WhiteElo "2123"]
[BlackElo "1948"]
[Annotator "TA"]
[PlyCount "76"]
[EventDate "2022.02.12"]
[EventCountry "URU"]
[SourceTitle "playchess.com"]
[Source "ChessBase"]
[SourceQuality "1"]

{[%evp 9,76,-7,0,-20,-8,-30,-12,-12,-10,-23,-31,-27,-16,-25,-11,-13,10,12,16,8,8,1,1,-13,-24,-49,-37,-70,-27,-46,-46,-95,-86,-93,-84,-129,-133,-131,-143,-143,-137,-127,-123,-141,-136,-145,-129,-181,-177,-284,-173,-167,-170,-166,-118,-135,-133,-401,-396,-643,-651,-817,-800,-1750,-1132,-1005,-966,-29996,-29997]} 1. d4 Nf6 2. c4 e5 3. e3 Bb4+ 4. Bd2 Bxd2+ 5. Qxd2 exd4 6. exd4 {A51: Budapest Gambit, Fajarowicz Variation.} O-O 7. Bd3 Re8+ 8. Ne2 {The position is equal.} d5 9. O-O dxc4 10. Bxc4 Nc6 11. Nbc3 Ne5 {[%cal Bc6e5,Be5g6,Bg6e7,Be7d5][%mdl 32]} 12. Bb3 {[#]} c6 $146 ({Predecessor:} 12... Neg4 13. Qf4 Qd7 14. Ng3 a6 15. Rfe1 Rxe1+ 16. Rxe1 b5 17. h3 Nh6 18. Nge4 Nxe4 19. Qxe4 {1-0 (19) Romano,T-Weissenstein,H Caorle 1982}) 13. Rad1 Ng6 14. Ng3 Be6 15. Bxe6 Rxe6 16. f4 {aiming for f5.} Re8 17. f5 (17. d5 {feels hotter.} Ng4 18. dxc6 Qh4 19. h3 Ne3 20. cxb7 Rab8 21. Qxe3 Rxe3 22. Nf5) 17... Ne7 18. Rf3 Qb6 ({Black should play} 18... Ned5 $15) 19. Na4 Qc7 20. Nc5 (20. Nc3 $15) 20... Ned5 $17 21. Nd3 Rad8 22. Nf2 (22. Ne5 $142) 22... c5 {[%cal Bc6c5,Bc5c4][%mdl 32]} 23. Rc1 c4 24. a4 Rc8 25. h3 Qd7 26. a5 b5 {Black is more active.} 27. axb6 axb6 {[%cal Ba7b6,Bb6b5][%mdl 32]} 28. Ne2 (28. Ng4 $17) 28... b5 $19 29. g4 (29. Nc3 $142) 29... Ne4 30. Nxe4 Rxe4 31. Ng3 Ree8 ({Better is} 31... Re7 $19 32. f6 Nxf6) 32. Nh5 $17 {Black must now prevent f6.} f6 33. h4 $2 {[%mdl 8192] White does not recover from this.} (33. Nf4 $17) 33... Re4 $19 34. Rg3 $2 (34. Qf2 Rce8 35. Nf4) 34... Rce8 35. g5 {gxf6 is the strong threat.} Re2 36. Qa5 Qxf5 {( -> ...Qf2+)} 37. Rf1 {[#] Prevents Qf2+.} Qe4 $1 (37... Qd7 $2 38. gxf6 Kh8 39. fxg7+ Kg8 {[#]} 40. Qc3 $3 $18 {[%mdl 512]}) 38. gxf6 Qxd4+ {Weighted Error Value: White=0.73/Black=0.22 (precise)} 0-1

[Event "V Copa Marcel Duchamp 2022"]
[Site "Montevideo"]
[Date "2022.02.18"]
[Round "8.23"]
[White "Mateus, Martha"]
[Black "Rodriguez Farias, Eduardo"]
[Result "1-0"]
[WhiteElo "2019"]
[BlackElo "1931"]
[Annotator "NA"]
[PlyCount "47"]
[EventDate "2022.02.12"]
[EventCountry "URU"]
[SourceTitle "playchess.com"]
[Source "ChessBase"]
[SourceQuality "1"]
[TimeControl "5400+30"]

1. e4 {[%emt 0:00:02]} c5 {[%emt 0:09:23]} 2. c3 {[%emt 0:00:04]} g6 {[%emt 0:01:50]} 3. d4 {[%emt 0:00:03]} cxd4 {[%emt 0:00:07]} 4. cxd4 {[%emt 0:00:04]} d5 {[%emt 0:01:20]} 5. exd5 {[%emt 0:00:05]} a6 {[%emt 0:00:34]} 6. Nc3 {[%emt 0:01:15]} Bg7 {[%emt 0:00:23]} 7. Bc4 {[%emt 0:00:48]} Nf6 {[%emt 0:00:12]} 8. a4 {[%emt 0:00:33]} b6 {[%emt 0:02:38]} (8... Nbd7 $14) 9. Nge2 $14 {[%emt 0:02:47]} ({White should play} 9. Nf3 $16) 9... O-O {[%emt 0:00:22]} 10. O-O {[%emt 0:01:26]} Bb7 {[%emt 0:00:15]} 11. Nf4 {[%emt 0:02:21]} Qd6 {[%emt 0:01:14]} 12. Re1 {[%emt 0:04:06]} Nbd7 {[%emt 0:10:56]} 13. b3 {[%emt 0:16:09]} g5 {[%emt 0:35:39]} 14. Nh3 {[%emt 0:32:51]} Nxd5 {[%emt 0:02:27]} 15. Ne4 {[%emt 0:00:45]} Qc6 {[%emt 0:02:44]} 16. Nhxg5 {[%emt 0:03:35]} h6 {[%emt 0:00:49]} 17. Nf3 {[%emt 0:00:29]} Rad8 {[%emt 0:01:09]} 18. Ng3 {[%emt 0:05:39]} e5 {[%emt 0:03:21]} 19. Nf5 {[%emt 0:02:03]} e4 {[%emt 0:02:42]} 20. Bxd5 {[%emt 0:00:57]} Qf6 {[%emt 0:01:46]} 21. Bxb7 {[%emt 0:02:30]} Nc5 {[%emt 0:00:34]} 22. Nxg7 {[%emt 0:03:15]} Nxb7 {[%emt 0:02:41]} 23. Nh5 {[%emt 0:02:03]} Qh8 {[%emt 0:02:41]} 24. Rxe4 {[%emt 0:00:45]} 1-0

[Event "V Copa Marcel Duchamp 2022"]
[Site "Montevideo"]
[Date "2022.02.18"]
[Round "8.24"]
[White "Siddeley, Hugh"]
[Black "Montiel Caceres, Helen"]
[Result "1-0"]
[WhiteElo "2000"]
[BlackElo "1625"]
[Annotator "ChessBase"]
[PlyCount "51"]
[EventDate "2022.02.12"]
[EventCountry "URU"]
[SourceTitle "playchess.com"]
[Source "ChessBase"]
[SourceQuality "1"]
[TimeControl "5400+30"]

1. d4 {[%emt 0:05:29]} Nf6 {[%emt 0:00:06]} 2. c4 {[%emt 0:00:04]} g6 {[%emt 0:00:04]} 3. Nc3 {[%emt 0:00:03]} Bg7 {[%emt 0:00:04]} 4. e4 {[%emt 0:00:04]} d6 {[%emt 0:00:02]} 5. Nf3 {[%emt 0:00:04]} O-O {[%emt 0:00:04]} 6. Be2 e5 {[%emt 0:00:13]} 7. Be3 {[%emt 0:00:06]} Nc6 {[%emt 0:00:03]} 8. d5 {[%emt 0:00:04]} Ne7 {[%emt 0:00:03]} 9. Nd2 {[%emt 0:00:11]} Ne8 {[%emt 0:00:07]} 10. b4 {[%emt 0:00:24]} f5 {[%emt 0:00:04]} 11. f3 {[%emt 0:00:04]} f4 {[%emt 0:00:48]} 12. Bf2 {[%emt 0:00:03]} g5 {[%emt 0:06:55]} 13. c5 {[%emt 0:02:52]} Rf7 {[%emt 0:06:07]} 14. Nc4 {[%emt 0:01:21]} Bd7 {[%emt 0:10:23]} 15. a4 {[%emt 0:02:01]} b6 {[%emt 0:25:14]} 16. c6 {[%emt 0:08:53]} Bc8 {[%emt 0:01:51]} 17. a5 {[%emt 0:00:15]} g4 {[%emt 0:02:59]} 18. axb6 {[%emt 0:01:07]} gxf3 {[%emt 0:00:21]} 19. gxf3 {[%emt 0:02:04]} cxb6 {[%emt 0:00:17]} 20. Nxb6 {[%emt 0:03:03]} Rb8 {[%emt 0:00:05]} 21. Rxa7 {[%emt 0:08:51]} Rxb6 {[%emt 0:00:21]} 22. c7 {[%emt 0:00:06]} Qd7 {[%emt 0:00:19]} 23. Bxb6 {[%emt 0:00:08]} Qh3 {[%emt 0:00:13]} 24. Bf1 {[%emt 0:02:46]} Qh4+ {[%emt 0:00:12]} 25. Bf2 {[%emt 0:00:06]} Qh5 {[%emt 0:00:08]} 26. b5 {[%emt 0:00:15]} 1-0